000 00456cam a2200157Ia 4500
020 _a0905712323
020 _a9780905712321
040 _cCZA
082 0 4 _a813 OCT 1981 A111 Or.
100 1 _aLudlum, Robert,
245 1 4 _aThe Scarlatti inheritance ; The Osterman weekend ; The Matlock paper ; The Gemini contenders /
260 _aNew York :
_bOctopus/Heinemann,
_c1981.
300 _a827 p. ;
_c24 cm.
650 0 _aWorld War, 1939-1945
942 _cEK
999 _c17169
_d17169